00431nam a2200121Ia 4500008004100000020001800041082002100059100002500080245006300105942001200168999001900180952011000199210430s9999 xx 000 0 und d a9780195471670 a327.5491 S2531 P aAbdul Sattar 953683 aPakistanΓÇÖs Foreign Policy,1947-2005cAbdul Sattar  cBK2ddc c563853d563853 001040708NFICaSCMEbSCMEcGENd0009-05-11l0o327.5491 S2531 PpSCME-3022r2021-04-30w2021-04-30yBK